Statistics for Greek gods and their descriptions

Click here to take the quiz!

General Stats

  • This quiz has been taken 11 times
  • The average score is 6 of 17

Answer Stats

HintAnswer% Correct
Hadesgod of the underworld
67%
Dionysusgod of wine
67%
Demetergoddess of the harvest
44%
Artemisgoddess of the hunt
44%
Aresgod of war
44%
Gaiagoddess of Earth
33%
Aphroditegoddess of love
33%
Heragoddess of marriage
33%
Athenagoddess of wisdom
33%
Apollogod of music and medicine
33%
Hephaistosgod of the forge
33%
Poseidongod of the sea
33%
ZeusKing of gods
33%
Hermesmessenger of the gods
33%
Cronosyoungest son of uranus, father of zeus
33%
Persephonegoddess of the underworld
22%
Erosgod of love
22%

Score Distribution

Percentile by Number Answered

Percent of People with Each Score

Your Score History

You have not taken this quiz